| 000 | 00909nam a2200253Ia 4500 | ||
|---|---|---|---|
| 003 | OSt | ||
| 005 | 20221005112557.0 | ||
| 006 | a|||||r|||| 00| 0 | ||
| 007 | ta | ||
| 008 | 221004b |||||||| |||| 00| 0 pan d | ||
| 020 |
_a9789351139539 (hbk) _cINR 695.00 |
||
| 024 | _a45114 | ||
| 037 |
_b1046, 02/02/2019, H.K. Prakashan _cTextual |
||
| 040 |
_aCRL _cCRL _bpan |
||
| 041 |
_2pan _apan |
||
| 082 | _aO153,1N54x, 168Q3 | ||
| 100 |
_aਭੱਟੀ, ਹਰਵਿੰਦਰ ਸਿੰਘ, ਂਚ। _9166776 |
||
| 245 | 0 | _aਵੰਡਨਾਮਾ | |
| 260 |
_aਚੰਡੀਗੜ੍ਹ _bਯੂਨੀਸਟਾਰ ਭਾਰਤ _c2018 |
||
| 300 |
_a123ਪ੍ਰ0 _ccm. |
||
| 650 | _aਪੰਜਾਬੀ ਕਾਵਿ | ||
| 942 |
_hO153,1N54x, 168Q3 _cTEXL _2cc |
||
| 999 |
_c1025306 _d1025306 |
||